000 01600cam a2200157 4500500
005 20251228052255.0
041 _afre
042 _adc
100 1 0 _aBerder, Michel
_eauthor
245 0 0 _aÉdouard Cothenet, Découvrir les Apocryphes chrétiens. Art et religion populaire, illustrations choisies et commentées par Christine Pellistrandi, Paris, Desclée de Brouwer, 2009
260 _c2010.
500 _a39
520 _aRésuméLe Cycle C a commandé une enquête sociologique réalisée en janvier 2010 auprès de ses étudiants actuels et anciens. Environ 500 réponses ont été analysées. Cette enquête a été menée par Jean-François Barbier-Bouvet, sociologue, et Éric Vinson, journaliste spécialisé dans les questions spirituelles et religieuses. Sont successivement abordés un portrait des étudiants actuels et anciens (profil socio-démographique et profil religieux), une analyse de leur démarche de formation (motivations, intérêts, adéquation) et, pour finir, la question des « débouchés » et des impacts, aussi bien sociétaux qu’ecclésiaux. On trouvera à chaque étape des réactions et commentaires du théologien Henri-Jérôme Gagey. L’élément le plus étonnant de cette enquête est qu’elle fait apparaître un réel impact sociétal des acquis théologiques, qu’il faut distinguer de l’impact lié aux charges ecclésiales confiées à des laïcs.
786 0 _nTransversalités | 115 | 3 | 2010-09-01 | p. 208c-209c | 1286-9449
856 4 1 _uhttps://shs.cairn.info/revue-transversalites-2010-3-page-208c?lang=fr&redirect-ssocas=7080
999 _c1583188
_d1583188